00647nac a22002057a 4500001001000000003000900010005001700019008003400036040005400070072000800124110005400132245005400186260003600240300001000276490005600286500002500342650002500367650002200392650002700414BR8007567BR-BrBNA20240105114844.0230509b bl.|||m| |||| 00| 0 por d aBR-BrBNAbporcBiblioteca Nacional de Agricultura aA501 aFundo Federal Agropecuario, Brasilia, DF (Brasil)1 aRelatorio anual 1980 [Fundo Federal Agropecuario]3 aBrasilia, DF (Brasil): c[nd].  a42 p. aRelatorio - Fundo Federal Agropecuario (Brazil)vx aPublished after 1980 aPROGRAMA DE PESQUISA aPESQUISA AGRICOLA aASSISTENCIA FINANCEIRA